• 首页
  • 本馆介绍
  • 公告通知
  • 最新文献
  • 馆藏检索
  • 电子资源
  • 读者导购
  • 参考咨询
  • 我的图书馆
  • 登录
  • 详细信息显示
  • 放入我的书架
  • 预约/预借图书
  • 作者相关作品
  • 分类相关作品
  • 丛书相关作品
  • 出版社相关作品

书目信息

  • 表格格式
  • 工作单格式
  • 卡片格式
题名:
小学语文教育学
    
 
作者: 周元 主编 ;卫拯民 编写
分册:  
出版信息: 上海   华东师范大学出版社  1992.10
页数: 349页
开本: 20cm
丛书名:
单 册:
中图分类: G623.2
科图分类: 38.6341
主题词: 教育学-语文--小学 , 语文-教育学--小学
电子资源:
ISBN: 7-5617-0901-3
000 00911nam0 2200265 45
001 0193012229
005 20070613093936.01
010    @a7-5617-0901-3@dCNY10.00
100    @a19800101d1992 em y0chiy0121 ea
101 0  @achi
102    @aCN@b310000
105    @ay z 000yy
200 10 @a小学语文教育学@AXIAO XUE YU WEN JIAO YU XUE@f周 元主编@FZHOU YUAN ZHU BIAN@g卫拯民等编写
210    @a上海@c华东师范大学出版社@d1992.10@h1997
215    @a349页@d20cm
330    @a本书阐述了儿童学习听说读写的规律及各项能力的训练方法,并分类介绍了近年来我国小学语文教学改革中出现的新的训练序列、课堂结构和教学方法等。
540 1  @a语文 教育@AYU WEN JIAO YU
606    @a教育学-语文@x小学
606    @a语文-教育学@x小学
690    @aG623.2@v三版
692    @a38.6341
701  0 @a周元@AZHOU YUAN@4主编
702  0 @a卫拯民@AWEI ZHENG MIN@4编写
801  0 @aCN@bTSSF@c20070613
905    @a10447@dG623.2@e294
    
    小学语文教育学/周 元主编/卫拯民等编写.-上海:华东师范大学出版社,1992.10(1997)
    349页;20cm
    
    
    ISBN 7-5617-0901-3:CNY10.00
    本书阐述了儿童学习听说读写的规律及各项能力的训练方法,并分类介绍了近年来我国小学语文教学改革中出现的新的训练序列、课堂结构和教学方法等。
●
相关链接 在E读中查询图书 在五车中查询图书 在当当中查询图书 在豆瓣中查询图书


正题名:小学语文教育学     索取号:G623.2/294         预约/预借

序号 登录号 条形码 馆藏地/架位号 状态 备注
1 0635702   206357020   第一样本阅览室/ [索取号:G623.2/294] 在馆    
唐山师范学院图书馆 欢迎您!
大连网信软件有限公司© 版权所有